000 00856nam a2200217Ia 4500
999 _c19190
_d19190
003 OSt
005 20210916121109.0
008 160316s1990 xxu||||| |||| 00| 0 eng d
020 _a9788124601167
040 _c.
082 _a181.14 PAD
_bPAD
100 _aPadhi Bibhu
245 _aIndian philosophy and religion : A reader's guide
260 _aNew Delhi
_bD K Printworld (P) Ltd.
_c1990
300 _a413p
_cix
365 _bGratis
505 _aContents Preface 1. Introduction: The Vedas, the Upanishads, the Bhagavad-Gita 2. Charvaka and Indi'an Materialism 3. Jainism 4. Buddhism 5. Vaisesika-Nyaya 6. Samkhya-Yoga 7. Purva Mimamsa 8. Vedanta (Uttara-Mimamsii) 9. Hindu Gods and Goddesses Glossary of Major Terms Index
650 _a1. Philosophy - India2. Religion - India
700 _apadhi Minakshi
_a
942 _2ddc
_cBK